Kvalita vzdelávacích programov a ich vplyv na manažérske vzdelávanie

Manažérske vzdelávanie. Kvalita a formy manažérskeho vzdelávania. Plánovanie, organizovanie a realizácia vzdelávacieho programu. Všeobecné metódy hodnotenia vzdelávacích programov.

Guardado en:
Detalles Bibliográficos
Autor principal: Teplická, Katarína
Formato: Capítulo de libro
Lenguaje:eslovaco
Materias:
Etiquetas: Agregar Etiqueta
Sin Etiquetas, Sea el primero en etiquetar este registro!

MARC

LEADER 00000naa$a2200000$$$4500
001 0035250
005 20231011134834.8
041 0 |a slo 
044 |a SK 
245 1 0 |a Kvalita vzdelávacích programov a ich vplyv na manažérske vzdelávanie  |c Katarína Teplická 
520 |a Manažérske vzdelávanie. Kvalita a formy manažérskeho vzdelávania. Plánovanie, organizovanie a realizácia vzdelávacieho programu. Všeobecné metódy hodnotenia vzdelávacích programov. 
610 2 0 |a manažéri 
610 2 0 |a vzdelávanie 
610 2 0 |a vzdelávanie dištančné 
610 2 0 |a vzdelávanie permanentné 
610 2 0 |a zdroje ľudské 
610 2 0 |a kvalita práce 
610 2 0 |a rozvoj pracovníkov 
100 1 |a Teplická, Katarína